000 00794naa a22002417a 4500
001 BR4400026
003 BR-BrBNA
005 20240918172815.0
007 ta
008 230509b bl.||||| |||| 00| 0 por d
040 _aBR-BrBNA
_bpor
_cBiblioteca Nacional de Agricultura
041 _a(Pt)
072 _aF00
_b1215
_bG514
090 _aF00 BR4400026
100 1 _aOliveira, A.B. de
245 1 _aConsideracoes sobre a exploracao da castanha no baixo e medio Tocantins [Bertholletia excelsa, transportes, Brasil]
260 3 _aRio de Janeiro, GB (Brasil):
_c1944.
500 _aAmazonia brasileira Rio de Janeiro, GB (Brasil): 1944. p. 278-283 (BR4400026-AM)F00
650 _aCASTANHA DO PARA
650 _aTRANSPORTE
909 _a202404
_bLucia
_c55
_dLucia Elande
942 _cAM
_2AGRIS
999 _c301534
_d301534